000 00520nam a22001697a 4500
005 20250216111459.0
008 250216b |||||||| |||| 00| 0 eng d
020 _a9781781955628
082 _a005.3
_bJAN-S
100 _aJansen Slinger
245 _aSoftware Ecosystems:
_bAnalyzing and Managing Business Networks in the Software Industry /
_cSjaak Brinkkemper
260 _aUSA:
_bEE:
_c2013.
300 _aXX, 344 P .:
_bIll;
_c24 cm.
500 _ainclude index.
650 _aSoftware Engineering
999 _c36867
_d36867